Statistics for FIFA U-20 Women's World Cup Host Countries

Click here to take the quiz!

General Stats

  • This quiz has been taken 13 times
  • The average score is 6 of 9

Answer Stats

YearCountry% Correct
2014Canada
92%
2002Canada
92%
2012Japan
92%
2010Germany
83%
2018France
75%
2006Russia
75%
2008Chile
58%
2004Thailand
25%
2016Papua New Guinea
17%

Score Distribution

Percentile by Number Answered

Percent of People with Each Score

Your Score History

You have not taken this quiz